Communicating For Results; A Guide for Business and the Professions (Record no. 2546)

MARC details
000 -LEADER
fixed length control field 00400nam a22001457a 4500
008 - FIXED-LENGTH DATA ELEMENTS--GENERAL INFORMATION
fixed length control field 250320b |||||||| |||| 00| 0 eng d
020 ## - INTERNATIONAL STANDARD BOOK NUMBER
ISBN 053456223X
100 ## - MAIN ENTRY--AUTHOR
Author HAMILTON Chery
245 ## - TITLE STATEMENT
Title Communicating For Results; A Guide for Business and the Professions
250 ## - EDITION STATEMENT
Edition statement 6
260 ## - PUBLICATION, DISTRIBUTION, ETC. (IMPRINT)
Place of publication Canada
Name of publisher Wadsworth Thomson Learning Inc.
Date of publication 2001
300 ## - COLLATION
Pagination xiv, 498p.
942 ## - ADDED ENTRY ELEMENTS (KOHA)
Item type Books
050 ## - LIBRARY OF CONGRESS CALL NUMBER
Classification number P90
Item number .H36
Holdings
Source of classification or shelving scheme Not for loan Permanent location Current location Date acquired Accession No. Full call number Barcode. Koha item type
Library of Congress Classification   Samuel Ogbemudia Main Library, University of Abuja Samuel Ogbemudia Main Library, University of Abuja 03/20/2025 2006/29330 P90.H36 2025-0827 Books